[Event "DEM U16w 2024"]
[Site "Willingen GER"]
[Date "2024.05.22"]
[Round "5"]
[White "Hoffmann, Sophia"]
[Black "Englert, Lin"]
[Result "1-0"]
[Termination "normal"]
[Board "11"]
[WhiteElo "1692"]
[BlackElo "1725"]
[WhiteClock "00:03:51"]
[BlackClock "00:12:35"]
[PlyCount "65"]
[WhiteFideId "16259130"]
[BlackFideId "16226410"]
[EventCountry "GER"]
[EventRounds "9"]
[EventType "swiss"]
[EventDate "2024.05.18"]

1. d4 {[%clk 01:30:58]} d5 {[%clk 01:30:56]} {[%emt 00:00:05]} 2. Bf4 {[%clk
01:31:22]} {[%emt 00:00:06]} Nf6 {[%clk 01:31:20]} {[%emt 00:00:06]} 3. e3
{[%clk 01:31:47]} {[%emt 00:00:04]} e6 {[%clk 01:30:19]} {[%emt 00:01:32]} 4.
Bd3 {[%clk 01:31:19]} {[%emt 00:00:58]} c5 {[%clk 01:30:26]} {[%emt 00:00:23]}
5. c3 {[%clk 01:31:38]} {[%emt 00:00:10]} Nc6 {[%clk 01:30:41]} {[%emt
00:00:16]} 6. Nd2 {[%clk 01:31:24]} {[%emt 00:00:45]} Bd6 {[%clk 01:29:48]}
{[%emt 00:01:22]} 7. Bxd6 {[%clk 01:28:34]} {[%emt 00:03:19]} Qxd6 {[%clk
01:30:11]} {[%emt 00:00:08]} 8. f4 {[%clk 01:28:22]} {[%emt 00:00:43]} O-O
{[%clk 01:27:50]} {[%emt 00:02:50]} 9. Ngf3 {[%clk 01:20:58]} {[%emt 00:07:54]}
Bd7 {[%clk 01:23:01]} {[%emt 00:05:19]} 10. Ne5 {[%emt 00:02:40]} cxd4 {[%clk
01:21:36]} {[%emt 00:01:53]} 11. exd4 {[%clk 01:16:54]} {[%emt 00:02:26]} Qc7
{[%clk 01:19:20]} {[%emt 00:02:45]} 12. O-O {[%clk 01:07:40]} {[%emt 00:09:44]}
Qb6 {[%clk 01:15:14]} {[%emt 00:04:36]} 13. Rb1 {[%clk 00:53:44]} {[%emt
00:14:27]} Bc8 {[%clk 01:09:44]} {[%emt 00:06:00]} 14. Rf3 {[%clk 00:48:49]}
{[%emt 00:05:24]} g6 {[%clk 00:53:22]} {[%emt 00:16:52]} 15. Kh1 {[%clk
00:35:04]} {[%emt 00:14:15]} Qd8 {[%clk 00:49:42]} {[%emt 00:04:10]} 16. Rh3
{[%clk 00:32:16]} {[%emt 00:03:18]} Nd7 {[%clk 00:40:56]} {[%emt 00:09:16]} 17.
Ng4 {[%clk 00:26:47]} {[%emt 00:05:59]} Nf6 {[%clk 00:37:00]} {[%emt 00:04:27]}
18. Nh6+ {[%clk 00:24:23]} {[%emt 00:02:53]} Kg7 {[%clk 00:36:13]} {[%emt
00:01:16]} 19. Qe1 {[%clk 00:22:43]} {[%emt 00:02:11]} Nh5 {[%clk 00:32:16]}
{[%emt 00:04:28]} 20. Qe3 {[%clk 00:11:27]} {[%emt 00:11:45]} Kxh6 {[%clk
00:27:18]} {[%emt 00:05:28]} 21. g4 {[%clk 00:10:41]} {[%emt 00:01:16]} Kg7
{[%clk 00:27:15]} {[%emt 00:00:34]} 22. gxh5 {[%clk 00:10:37]} {[%emt
00:00:33]} Qf6 {[%clk 00:20:06]} {[%emt 00:07:38]} 23. Rg1 {[%clk 00:08:47]}
{[%emt 00:02:21]} Ne7 {[%clk 00:18:47]} {[%emt 00:01:49]} 24. hxg6 {[%clk
00:04:57]} {[%emt 00:04:20]} hxg6 {[%clk 00:17:46]} {[%emt 00:01:30]} 25. f5
{[%clk 00:04:11]} {[%emt 00:01:17]} Rh8 {[%clk 00:13:41]} {[%emt 00:04:35]} 26.
Rxh8 {[%clk 00:04:00]} {[%emt 00:00:41]} Kxh8 {[%clk 00:14:10]} {[%emt
00:00:01]} 27. Qh6+ {[%clk 00:04:11]} {[%emt 00:00:19]} Kg8 {[%clk 00:14:38]}
{[%emt 00:00:01]} 28. fxg6 {[%clk 00:04:09]} {[%emt 00:00:33]} Nf5 {[%clk
00:11:37]} {[%emt 00:03:31]} 29. Bxf5 {[%clk 00:02:58]} {[%emt 00:01:41]} Qxf5
{[%clk 00:11:33]} {[%emt 00:00:35]} 30. gxf7+ {[%clk 00:03:08]} {[%emt
00:00:20]} Kxf7 {[%clk 00:11:52]} {[%emt 00:00:10]} 31. Rg7+ {[%clk 00:03:05]}
{[%emt 00:00:33]} Ke8 {[%clk 00:12:15]} {[%emt 00:00:07]} 32. Qh8+ {[%clk
00:03:27]} {[%emt 00:00:08]} Qf8 {[%clk 00:12:35]} {[%emt 00:00:11]} 33. Rg8
{[%clk 00:03:51]} {[%emt 00:00:05]} 1-0

[Event "DEM U16w 2024"]
[Site "Willingen GER"]
[Date "2024.05.22"]
[Round "5"]
[White "Heuberger, Sandra"]
[Black "Stasaitis, Paulina"]
[Result "0-1"]
[Termination "normal"]
[Board "12"]
[WhiteElo "1555"]
[BlackElo "1692"]
[WhiteClock "00:45:58"]
[BlackClock "01:10:29"]
[PlyCount "46"]
[WhiteFideId "16232151"]
[BlackFideId "34606165"]
[EventCountry "GER"]
[EventRounds "9"]
[EventType "swiss"]
[EventDate "2024.05.18"]

1. d4 {[%clk 01:30:58]} {[%emt 00:00:02]} g6 {[%clk 01:30:53]} {[%emt
00:00:07]} 2. c4 {[%clk 01:29:49]} {[%emt 00:01:38]} Bg7 {[%clk 01:31:15]}
{[%emt 00:00:07]} 3. Nc3 {[%clk 01:29:49]} {[%emt 00:00:31]} d6 {[%clk
01:31:29]} {[%emt 00:00:16]} 4. e4 {[%clk 01:29:19]} {[%emt 00:01:01]} Nd7
{[%clk 01:31:39]} {[%emt 00:00:20]} 5. Nf3 {[%clk 01:27:29]} {[%emt 00:02:20]}
e5 {[%clk 01:31:35]} {[%emt 00:00:34]} 6. d5 {[%clk 01:24:53]} {[%emt
00:03:06]} a5 {[%clk 01:30:34]} {[%emt 00:01:30]} 7. Be2 {[%clk 01:22:16]}
{[%emt 00:03:07]} Ngf6 {[%clk 01:28:57]} {[%emt 00:02:06]} 8. O-O {[%clk
01:20:59]} {[%emt 00:01:48]} Nc5 {[%clk 01:28:14]} {[%emt 00:01:12]} 9. Qc2
{[%clk 01:19:32]} {[%emt 00:01:58]} O-O {[%clk 01:27:35]} {[%emt 00:01:09]} 10.
h3 {[%clk 01:17:59]} {[%emt 00:02:02]} Ne8 {[%clk 01:26:37]} {[%emt 00:01:27]}
11. Bd3 {[%clk 01:13:15]} {[%emt 00:05:16]} Nxd3 {[%clk 01:19:50]} {[%emt
00:07:17]} 12. Qxd3 {[%clk 01:13:32]} {[%emt 00:00:13]} f5 {[%clk 01:20:09]}
{[%emt 00:00:11]} 13. exf5 {[%clk 01:07:27]} {[%emt 00:06:36]} Bxf5 {[%clk
01:20:28]} {[%emt 00:00:10]} 14. Qe2 {[%clk 01:06:41]} {[%emt 00:01:15]} h6
{[%clk 01:17:29]} {[%emt 00:03:29]} 15. g4 {[%clk 01:02:37]} {[%emt 00:04:35]}
Bd7 {[%clk 01:16:17]} {[%emt 00:01:42]} 16. Ne4 {[%clk 01:01:38]} {[%emt
00:01:29]} Nf6 {[%clk 01:12:11]} {[%emt 00:04:35]} 17. Ng3 {[%clk 01:00:12]}
{[%emt 00:01:56]} Nxg4 {[%clk 01:11:07]} {[%emt 00:01:34]} 18. hxg4 {[%clk
00:56:58]} {[%emt 00:03:44]} Bxg4 {[%clk 01:11:22]} {[%emt 00:00:15]} 19. Qe4
{[%clk 00:54:59]} {[%emt 00:02:30]} Bxf3 {[%clk 01:11:13]} {[%emt 00:00:39]}
20. Qxg6 {[%clk 00:54:37]} {[%emt 00:00:52]} Qh4 {[%clk 01:10:24]} {[%emt
00:01:18]} 21. Be3 {[%clk 00:48:25]} {[%emt 00:06:43]} Rf6 {[%clk 01:10:21]}
{[%emt 00:00:32]} 22. Qc2 {[%clk 00:48:08]} {[%emt 00:00:47]} Qh3 {[%clk
01:10:29]} {[%emt 00:00:22]} 23. Rfe1 {[%clk 00:45:58]} {[%emt 00:02:41]} Qg2#
{[%emt 00:00:08]} 0-1

[Event "DEM U16w 2024"]
[Site "Willingen GER"]
[Date "2024.05.22"]
[Round "5"]
[White "Margaryan, Venera"]
[Black "Neumann, Helena"]
[Result "0-1"]
[Termination "normal"]
[Board "13"]
[WhiteElo "1774"]
[BlackElo "1836"]
[WhiteClock "00:29:25"]
[BlackClock "01:18:12"]
[PlyCount "42"]
[WhiteFideId "16266226"]
[BlackFideId "16275365"]
[EventCountry "GER"]
[EventRounds "9"]
[EventType "swiss"]
[EventDate "2024.05.18"]

1. d4 {[%clk 01:30:58]} {[%emt 00:00:01]} Nf6 {[%clk 01:30:56]} {[%emt
00:00:04]} 2. Nf3 {[%clk 01:31:23]} {[%emt 00:00:05]} e6 {[%clk 01:31:22]}
{[%emt 00:00:04]} 3. Bg5 {[%clk 01:31:42]} {[%emt 00:00:10]} c5 {[%clk
01:31:34]} {[%emt 00:00:18]} 4. e3 {[%clk 01:31:26]} {[%emt 00:00:46]} Qb6
{[%clk 01:31:51]} {[%emt 00:00:13]} 5. Qc1 {[%clk 01:29:50]} {[%emt 00:02:06]}
Nc6 {[%clk 01:30:40]} {[%emt 00:01:41]} 6. c3 {[%clk 01:28:05]} {[%emt
00:02:15]} d5 {[%clk 01:30:55]} {[%emt 00:00:15]} 7. Nbd2 {[%clk 01:25:55]}
{[%emt 00:02:40]} cxd4 {[%clk 01:30:22]} {[%emt 00:01:03]} 8. exd4 {[%clk
01:25:09]} {[%emt 00:01:15]} e5 {[%clk 01:29:39]} {[%emt 00:01:14]} 9. Nb3
{[%clk 01:10:04]} {[%emt 00:15:35]} e4 {[%clk 01:27:56]} {[%emt 00:02:13]} 10.
Nfd2 {[%clk 01:09:00]} {[%emt 00:01:35]} h6 {[%clk 01:25:35]} {[%emt 00:02:50]}
11. Bf4 {[%clk 01:05:33]} {[%emt 00:03:56]} Nh5 {[%clk 01:23:49]} {[%emt
00:02:16]} 12. Be3 {[%clk 01:05:24]} {[%emt 00:00:40]} f5 {[%clk 01:24:07]}
{[%emt 00:00:11]} 13. Be2 {[%clk 01:03:06]} {[%emt 00:02:47]} Nf6 {[%clk
01:24:26]} {[%emt 00:00:11]} 14. f3 {[%clk 01:00:05]} {[%emt 00:03:32]} g5
{[%clk 01:20:43]} {[%emt 00:04:13]} 15. fxe4 {[%clk 00:57:42]} {[%emt
00:02:52]} f4 {[%clk 01:20:53]} {[%emt 00:00:20]} 16. Bf2 {[%clk 00:57:34]}
{[%emt 00:00:38]} dxe4 {[%clk 01:20:57]} {[%emt 00:00:26]} 17. d5 {[%clk
00:48:46]} {[%emt 00:09:18]} e3 {[%clk 01:21:11]} {[%emt 00:00:15]} 18. Bxe3
{[%clk 00:48:43]} {[%emt 00:00:34]} Qxe3 {[%clk 01:19:38]} {[%emt 00:02:02]}
19. dxc6 {[%clk 00:43:19]} {[%emt 00:05:55]} Ng4 {[%clk 01:17:31]} {[%emt
00:02:37]} 20. Qc2 {[%clk 00:29:25]} {[%emt 00:14:24]} Qf2+ {[%clk 01:17:46]}
{[%emt 00:00:14]} 21. Kd1 {[%clk 00:29:25]} {[%emt 00:00:30]} Ne3+ {[%clk
01:18:12]} {[%emt 00:00:05]} 0-1

[Event "DEM U16w 2024"]
[Site "Willingen GER"]
[Date "2024.05.22"]
[Round "5"]
[White "Junge, Julia Marie"]
[Black "Breja, Eva"]
[Result "0-1"]
[Termination "normal"]
[Board "14"]
[WhiteElo "1659"]
[BlackElo "1390"]
[WhiteClock "01:12:44"]
[BlackClock "01:23:53"]
[PlyCount "34"]
[WhiteFideId "16293908"]
[BlackFideId "34639632"]
[EventCountry "GER"]
[EventRounds "9"]
[EventType "swiss"]
[EventDate "2024.05.18"]

1. e4 {[%clk 01:30:56]} {[%emt 00:00:04]} e5 {[%clk 01:30:53]} {[%emt
00:00:07]} 2. Nf3 {[%clk 01:31:16]} {[%emt 00:00:10]} Nc6 {[%clk 01:31:08]}
{[%emt 00:00:14]} 3. d4 {[%clk 01:30:24]} {[%emt 00:01:22]} exd4 {[%clk
01:31:15]} {[%emt 00:00:23]} 4. Nxd4 {[%clk 01:30:46]} {[%emt 00:00:09]} Bc5
{[%clk 01:31:32]} {[%emt 00:00:12]} 5. Be3 {[%clk 01:31:05]} {[%emt 00:00:11]}
Qf6 {[%emt 00:00:41]} 6. c3 {[%clk 01:31:23]} {[%emt 00:00:10]} Nge7 {[%clk
01:31:30]} {[%emt 00:00:24]} 7. Bc4 {[%clk 01:30:35]} {[%emt 00:01:19]} Ne5
{[%clk 01:31:20]} {[%emt 00:00:39]} 8. Bb3 {[%clk 01:29:45]} {[%emt 00:01:21]}
Qg6 {[%clk 01:31:03]} {[%emt 00:00:46]} 9. O-O {[%clk 01:24:47]} {[%emt
00:05:29]} d6 {[%clk 01:31:05]} {[%emt 00:00:28]} 10. Nb5 {[%clk 01:23:30]}
{[%emt 00:01:47]} Bh3 {[%clk 01:24:46]} {[%emt 00:06:48]} 11. g3 {[%clk
01:21:53]} {[%emt 00:02:08]} O-O {[%clk 01:24:54]} {[%emt 00:00:22]} 12. Re1
{[%clk 01:22:02]} {[%emt 00:00:21]} Qxe4 {[%clk 01:24:47]} {[%emt 00:00:36]}
13. f3 {[%clk 01:12:56]} {[%emt 00:09:38]} Bxe3+ {[%clk 01:23:31]} {[%emt
00:01:46]} 14. Rxe3 {[%clk 01:11:41]} {[%emt 00:01:44]} Qxe3+ {[%clk 01:23:49]}
{[%emt 00:00:12]} 15. Kh1 {[%clk 01:12:07]} {[%emt 00:00:04]} Qf2 {[%clk
01:23:32]} {[%emt 00:00:34]} 16. Qg1 {[%clk 01:12:20]} {[%emt 00:00:30]} Qxf3+
{[%clk 01:23:53]} {[%emt 00:00:09]} 17. Qg2 {[%clk 01:12:44]} {[%emt 00:00:07]}
Qxg2# {[%emt 00:00:08]} 0-1

[Event "DEM U16w 2024"]
[Site "Willingen GER"]
[Date "2024.05.22"]
[Round "5"]
[White "Rabe, Elina"]
[Black "Lorenz, Rebecca"]
[Result "1-0"]
[Termination "normal"]
[Board "15"]
[WhiteElo "1551"]
[BlackElo "1460"]
[WhiteClock "00:30:30"]
[BlackClock "00:02:31"]
[PlyCount "115"]
[WhiteFideId "34623531"]
[BlackFideId "34610944"]
[EventCountry "GER"]
[EventRounds "9"]
[EventType "swiss"]
[EventDate "2024.05.18"]

1. c4 {[%emt 00:00:49]} Nf6 {[%clk 01:30:07]} {[%emt 00:00:06]} 2. g3 {[%clk
01:31:21]} {[%emt 00:00:08]} g6 {[%clk 01:30:20]} {[%emt 00:00:17]} 3. Bg2
{[%clk 01:31:45]} {[%emt 00:00:06]} Bg7 {[%clk 01:30:36]} {[%emt 00:00:14]} 4.
Nf3 {[%clk 01:32:09]} {[%emt 00:00:06]} d6 {[%clk 01:29:40]} {[%emt 00:01:26]}
5. Nc3 {[%clk 01:32:15]} {[%emt 00:00:24]} O-O {[%clk 01:29:30]} {[%emt
00:00:41]} 6. O-O {[%clk 01:32:24]} {[%emt 00:00:21]} Be6 {[%clk 01:28:21]}
{[%emt 00:01:38]} 7. d3 {[%clk 01:31:09]} {[%emt 00:01:45]} Nbd7 {[%clk
01:27:27]} {[%emt 00:01:25]} 8. Ng5 {[%clk 01:29:35]} {[%emt 00:02:03]} c6
{[%clk 01:24:06]} {[%emt 00:03:51]} 9. Nxe6 {[%clk 01:30:02]} {[%emt 00:00:03]}
fxe6 {[%clk 01:24:24]} {[%emt 00:00:12]} 10. Bh3 {[%clk 01:24:50]} {[%emt
00:05:42]} e5 {[%clk 01:21:55]} {[%emt 00:02:59]} 11. Be6+ {[%clk 01:22:08]}
{[%emt 00:03:11]} Kh8 {[%clk 01:19:37]} {[%emt 00:02:48]} 12. Be3 {[%clk
01:19:50]} {[%emt 00:02:48]} Nc5 {[%clk 01:13:34]} {[%emt 00:06:33]} 13. Bxc5
{[%clk 01:19:27]} {[%emt 00:00:54]} dxc5 {[%clk 01:13:45]} {[%emt 00:00:19]}
14. Qc2 {[%clk 01:12:49]} {[%emt 00:07:07]} Qd6 {[%clk 01:10:58]} {[%emt
00:03:14]} 15. Bh3 {[%clk 01:13:00]} {[%emt 00:00:22]} Bh6 {[%clk 01:06:38]}
{[%emt 00:04:50]} 16. Rad1 {[%clk 01:07:29]} {[%emt 00:06:01]} Rf7 {[%clk
01:04:24]} {[%emt 00:02:45]} 17. e3 {[%clk 00:57:15]} {[%emt 00:10:44]} Raf8
{[%clk 00:59:34]} {[%emt 00:05:19]} 18. Rd2 {[%clk 00:54:02]} {[%emt 00:03:41]}
a6 {[%clk 00:55:51]} {[%emt 00:04:14]} 19. a4 {[%clk 00:52:31]} {[%emt
00:02:03]} b5 {[%clk 00:54:33]} {[%emt 00:01:44]} 20. axb5 {[%clk 00:51:10]}
{[%emt 00:01:55]} cxb5 {[%clk 00:52:46]} {[%emt 00:02:17]} 21. cxb5 {[%clk
00:51:37]} {[%emt 00:00:02]} axb5 {[%clk 00:52:02]} {[%emt 00:01:14]} 22. Nxb5
{[%clk 00:52:05]} {[%emt 00:00:02]} Qb6 {[%clk 00:49:52]} {[%emt 00:02:38]} 23.
Na3 {[%clk 00:50:58]} {[%emt 00:01:39]} Qc6 {[%clk 00:33:26]} {[%emt 00:16:52]}
24. Nc4 {[%clk 00:48:43]} {[%emt 00:02:49]} Qd5 {[%clk 00:31:01]} {[%emt
00:02:53]} 25. Bg2 {[%clk 00:46:52]} {[%emt 00:02:22]} Qe6 {[%clk 00:27:52]}
{[%emt 00:03:38]} 26. Qc3 {[%clk 00:44:03]} {[%emt 00:03:20]} Ng4 {[%clk
00:22:04]} {[%emt 00:06:17]} 27. h3 {[%clk 00:39:34]} {[%emt 00:05:00]} Nf6
{[%clk 00:10:24]} {[%emt 00:12:11]} 28. Nxe5 {[%clk 00:38:35]} {[%emt
00:01:29]} Rg7 {[%clk 00:09:43]} {[%emt 00:01:11]} 29. Qxc5 {[%clk 00:38:34]}
{[%emt 00:00:31]} Nd7 {[%clk 00:09:27]} {[%emt 00:00:45]} 30. Nxd7 {[%clk
00:38:26]} {[%emt 00:00:37]} Qxd7 {[%clk 00:09:51]} {[%emt 00:00:08]} 31. b4
{[%clk 00:36:37]} {[%emt 00:02:20]} Rc8 {[%clk 00:08:33]} {[%emt 00:01:46]} 32.
Qe5 {[%clk 00:33:17]} {[%emt 00:03:50]} e6 {[%clk 00:07:08]} {[%emt 00:01:57]}
33. b5 {[%clk 00:32:28]} {[%emt 00:01:20]} Kg8 {[%clk 00:07:28]} {[%emt
00:00:08]} 34. b6 {[%clk 00:32:22]} {[%emt 00:00:37]} Rf7 {[%clk 00:07:27]}
{[%emt 00:00:30]} 35. b7 {[%clk 00:32:29]} {[%emt 00:00:24]} Bg7 {[%clk
00:06:04]} {[%emt 00:01:53]} 36. bxc8=Q+ {[%clk 00:32:26]} Qxc8 {[%clk
00:06:33]} 37. Qe4 {[%clk 00:30:07]} {[%emt 00:02:50]} Qd7 {[%clk 00:06:04]}
{[%emt 00:00:58]} 38. Qa8+ {[%clk 00:28:39]} {[%emt 00:02:00]} Rf8 {[%clk
00:06:09]} {[%emt 00:00:26]} 39. Qc6 {[%clk 00:28:47]} {[%emt 00:00:21]} Qc8
{[%clk 00:05:35]} {[%emt 00:01:05]} 40. Qxc8 {[%clk 00:29:14]} {[%emt
00:00:03]} Rxc8 {[%clk 00:06:01]} {[%emt 00:00:04]} 41. d4 {[%clk 00:29:09]}
{[%emt 00:00:36]} Rd8 {[%clk 00:05:58]} {[%emt 00:00:32]} 42. Ra1 {[%clk
00:28:57]} {[%emt 00:00:43]} Kf7 {[%clk 00:05:47]} {[%emt 00:00:41]} 43. Ra7+
{[%clk 00:29:08]} {[%emt 00:00:19]} Kf6 {[%clk 00:05:39]} {[%emt 00:00:38]} 44.
e4 {[%clk 00:29:11]} {[%emt 00:00:27]} Bh6 {[%clk 00:02:15]} {[%emt 00:03:54]}
45. e5+ {[%clk 00:29:08]} {[%emt 00:00:33]} Kf5 {[%clk 00:02:07]} {[%emt
00:00:37]} 46. Rf7+ {[%clk 00:29:19]} {[%emt 00:00:19]} Kg5 {[%clk 00:02:19]}
{[%emt 00:00:17]} 47. h4+ {[%clk 00:29:32]} {[%emt 00:00:18]} Kg4 {[%clk
00:02:35]} {[%emt 00:00:14]} 48. f3+ {[%clk 00:29:22]} {[%emt 00:00:40]} Kh5
{[%clk 00:02:54]} {[%emt 00:00:12]} 49. g4+ {[%clk 00:29:42]} {[%emt 00:00:09]}
Kxh4 {[%clk 00:03:11]} {[%emt 00:00:15]} 50. Rxh7 {[%clk 00:29:40]} {[%emt
00:00:32]} Kg5 {[%clk 00:03:12]} {[%emt 00:00:28]} 51. f4+ {[%clk 00:29:49]}
{[%emt 00:00:22]} Kxg4 {[%clk 00:02:59]} {[%emt 00:00:43]} 52. Rxh6 {[%clk
00:29:58]} {[%emt 00:00:21]} g5 {[%clk 00:02:56]} {[%emt 00:00:33]} 53. fxg5
{[%clk 00:29:48]} {[%emt 00:00:40]} Kxg5 {[%clk 00:03:12]} {[%emt 00:00:13]}
54. Rf6 {[%clk 00:30:01]} {[%emt 00:00:17]} Re8 {[%clk 00:02:57]} {[%emt
00:00:45]} 55. Bf3 {[%clk 00:30:08]} {[%emt 00:00:22]} Kh4 {[%clk 00:02:54]}
{[%emt 00:00:33]} 56. Rh2+ {[%clk 00:30:15]} {[%emt 00:00:22]} Kg3 {[%clk
00:02:29]} {[%emt 00:00:54]} 57. Rg2+ {[%clk 00:30:30]} {[%emt 00:00:15]} Kh4
{[%clk 00:02:31]} {[%emt 00:00:29]} 58. Rh6# {[%emt 00:00:05]} 1-0